000 00477nam a2200169Ia 4500
003 GCL
008 140319s9999 xx 000 0 ara d
040 _aGCL /
_cGCL
082 0 4 _a239.9
_bع ر
100 1 _aعبدالسلام العشرى
245 1 0 _aرجال مشاهير : أبوبكر الصديق /
_cعبدالسلام العشرى
300 _a189
490 _aكتاب
_v0
650 0 4 _aالاسلام
650 0 4 _aابو بكر الصديق
942 _2ddc
_cBK
999 _c42109
_d42109